[Event "CAN-ch University"]
[Site "Kingston"]
[Date "2016.01.09"]
[Round "3"]
[White "Trottier, Emile"]
[Black "Inigo, Aquino"]
[Result "1-0"]
[WhiteElo "2084"]
[BlackElo "2227"]
[PlyCount "51"]
[EventDate "2016.01.09"]
[EventType "swiss"]
[EventRounds "5"]
[EventCountry "CAN"]
[SourceTitle "EXT 2022"]
[Source "ChessBase"]
[SourceDate "2021.10.06"]
[SourceVersion "1"]
[SourceVersionDate "2021.10.06"]
[SourceQuality "1"]

1. e4 e6 2. d4 d5 3. e5 c5 4. c3 Nc6 5. Nf3 Qb6 6. a3 c4 7. Be2 Bd7 8. 0-0 Na5 9. Nbd2 Be7 10. g3 0-0-0 11. Rb1 Kb8 12. b3 cxb3 13. c4 Ba4 14. c5 Qc6 15. Bb2 Nh6 16. Bc3 Nc4 17. Qc1 Nxd2 18. Nxd2 Ka8 19. Nxb3 b6 20. cxb6 axb6 21. Qd2 Rc8 22. Bb4 Qd7 23. Rb2 Rc7 24. Rfb1 Rb8 25. Bxe7 Qxe7 26. Nc5 1-0

[Event "Quebec op"]
[Site "Montreal"]
[Date "2012.07.22"]
[Round "3"]
[White "Trottier, Emile"]
[Black "O'Neill, Brendon"]
[Result "1-0"]
[WhiteElo "2066"]
[BlackElo "1496"]
[PlyCount "39"]
[EventDate "2012.07.21"]
[EventType "swiss"]
[EventRounds "9"]
[EventCountry "CAN"]
[SourceTitle "EXT 2022"]
[Source "ChessBase"]
[SourceDate "2021.10.06"]
[SourceVersion "1"]
[SourceVersionDate "2021.10.06"]
[SourceQuality "1"]

1. e4 c5 2. c3 Nc6 3. d4 e6 4. Nf3 b6 5. d5 exd5 6. exd5 Nce7 7. d6 Nf6 8. dxe7 Bxe7 9. Bd3 0-0 10. 0-0 d5 11. Bg5 h6 12. Bh4 Bb7 13. Bc2 g5 14. Bg3 Nh5 15. Ne5 Nxg3 16. fxg3 c4 17. Qh5 Bc5+ 18. Kh1 f6 19. Qg6+ Kh8 20. Qh7# 1-0

[Event "Quebec-ch classe"]
[Site "Montreal"]
[Date "2012.01.21"]
[Round "2"]
[White "Lopez Linares, Lizandro Fernando"]
[Black "Trottier, Emile"]
[Result "1/2-1/2"]
[WhiteElo "2065"]
[BlackElo "2096"]
[PlyCount "70"]
[EventDate "2012.01.20"]
[EventType "swiss"]
[EventRounds "5"]
[EventCountry "CAN"]
[SourceTitle "EXT 2022"]
[Source "ChessBase"]
[SourceDate "2021.10.06"]
[SourceVersion "1"]
[SourceVersionDate "2021.10.06"]
[SourceQuality "1"]

1. d4 e6 2. g3 f5 3. Bg2 Nf6 4. c4 d5 5. Nf3 c6 6. 0-0 Bd6 7. b3 0-0 8. Ba3 Bxa3 9. Nxa3 Bd7 10. Qc1 Be8 11. Qb2 Nbd7 12. b4 a6 13. c5 Bh5 14. Nc2 Qc7 15. Nce1 Bxf3 16. exf3 e5 17. Nd3 Rae8 18. dxe5 Nxe5 19. Nf4 g5 20. Ne2 Nh5 21. Nd4 f4 22. g4 Ng7 23. Rfd1 h5 24. h3 hxg4 25. hxg4 Kf7 26. Qc2 Qe7 27. a4 Rh8 28. b5 Nc4 29. bxc6 bxc6 30. Bf1 Qxc5 31. Nf5 Ne5 32. Qxc5 Nxf3+ 33. Kg2 Nxf5 34. gxf5 g4 35. Qa7+ Kg8 1/2-1/2

[Event "Montreal Varennes op"]
[Site "Montreal"]
[Date "2011.11.06"]
[Round "4"]
[White "Trottier, Emile"]
[Black "Castellanos Rodriguez, Renier"]
[Result "1/2-1/2"]
[WhiteElo "2160"]
[BlackElo "2499"]
[PlyCount "50"]
[EventDate "2011.11.04"]
[EventType "swiss"]
[EventRounds "5"]
[EventCountry "CAN"]
[SourceTitle "EXT 2022"]
[Source "ChessBase"]
[SourceDate "2021.10.06"]
[SourceVersion "1"]
[SourceVersionDate "2021.10.06"]
[SourceQuality "1"]

1. e4 c5 2. c3 Nf6 3. e5 Nd5 4. d4 cxd4 5. cxd4 d6 6. Nf3 e6 7. Nc3 Nxc3 8. bxc3 Nd7 9. Bd3 dxe5 10. Nxe5 Nxe5 11. dxe5 Bd7 12. 0-0 Bc6 13. Re1 Bc5 14. Be3 Qd5 15. Qg4 h5 16. Be4 hxg4 17. Bxd5 Bxd5 18. Bxc5 b6 19. Bd6 Kd7 20. c4 Bxc4 21. Re4 Bd5 22. Rxg4 g6 23. h3 Rac8 24. a3 Rc2 25. Rb1 Rc4 1/2-1/2

[Event "Montreal Ahuntsic op-A"]
[Site "Montreal"]
[Date "2011.04.08"]
[Round "4"]
[White "Robichaud, Louis"]
[Black "Trottier, Emile"]
[Result "1-0"]
[WhiteElo "1983"]
[BlackElo "1307"]
[PlyCount "69"]
[EventDate "2011.04.03"]
[EventType "swiss (rapid)"]
[EventRounds "5"]
[EventCountry "CAN"]
[SourceTitle "EXT 2013"]
[Source "ChessBase"]
[SourceDate "2012.11.22"]
[SourceVersion "1"]
[SourceVersionDate "2012.11.22"]
[SourceQuality "1"]

1. e4 e6 2. d3 d5 3. Nd2 Nf6 4. g3 dxe4 5. dxe4 Nc6 6. Bg2 Bc5 7. Ngf3 e5 8. 0-0 0-0 9. c3 h6 10. Qe2 Qe7 11. a4 a6 12. b4 Bb6 13. Ba3 Nb8 14. Nc4 Ba7 15. Ne3 c6 16. Nh4 b5 17. Nhf5 Bxf5 18. Nxf5 Qe6 19. Bh3 Nh7 20. Kg2 Ng5 21. Bg4 Qf6 22. f4 exf4 23. gxf4 Ne6 24. e5 Qd8 25. Rad1 Qb6 26. a5 Qb7 27. Qe4 Qc7 28. Rf3 Rd8 29. Nd6 Nd7 30. Nxf7 Kxf7 31. Qf5+ Nf6 32. Qxe6+ Kf8 33. Rxd8+ Rxd8 34. exf6 Rd2+ 35. Kh3 1-0

[Event "Quebec-ch U20"]
[Site "Montreal"]
[Date "2011.02.13"]
[Round "4"]
[White "He, Shao Hang"]
[Black "Trottier, Emile"]
[Result "0-1"]
[WhiteElo "1508"]
[BlackElo "1973"]
[PlyCount "88"]
[EventDate "2011.02.11"]
[EventType "swiss"]
[EventRounds "5"]
[EventCountry "CAN"]
[SourceTitle "EXT 2013"]
[Source "ChessBase"]
[SourceDate "2012.11.22"]
[SourceVersion "1"]
[SourceVersionDate "2012.11.22"]
[SourceQuality "1"]

1. d4 e6 2. c4 f5 3. g3 Nf6 4. Bg2 d5 5. Nf3 c6 6. Qc2 Bd6 7. b3 0-0 8. 0-0 Qe7 9. Nc3 Bd7 10. Ne5 Be8 11. f4 Ne4 12. Nxe4 fxe4 13. e3 Bh5 14. Bh3 Bxe5 15. dxe5 Bf3 16. Bg2 Bxg2 17. Qxg2 b5 18. cxb5 cxb5 19. Bb2 a5 20. a3 Na6 21. Bd4 Rfc8 22. Qd2 Nc5 23. Bxc5 Rxc5 24. Rfc1 Rac8 25. b4 axb4 26. Rxc5 Rxc5 27. axb4 Rc4 28. Rb1 Qa7 29. Rb2 d4 30. exd4 Rxd4 31. Qf2 e3 32. Qe2 Rd2 33. Rxd2 exd2+ 34. Kg2 Qd4 35. Qd1 Qd3 36. Kf2 Kf7 37. h3 Ke7 38. Kg2 Qd4 39. Kf3 Qxb4 40. Ke2 Qe4+ 41. Kxd2 Qg2+ 42. Qe2 Qxg3 43. Qxb5 Qxf4+ 44. Ke2 Qh2+ 0-1

[Event "Lanaudiere U1800"]
[Site "Repentigny"]
[Date "2008.08.15"]
[Round "1"]
[White "Breton, Yves"]
[Black "Trottier, Emile"]
[Result "1/2-1/2"]
[WhiteElo "1437"]
[BlackElo "1603"]
[PlyCount "66"]
[EventDate "2008.08.15"]
[EventType "swiss"]
[EventRounds "5"]
[EventCountry "CAN"]
[SourceTitle "EXT 2011"]
[Source "ChessBase"]
[SourceDate "2010.11.26"]
[SourceVersion "1"]
[SourceVersionDate "2010.11.26"]
[SourceQuality "1"]

1. c4 e6 2. g3 f5 3. Bg2 Nf6 4. Nf3 d5 5. 0-0 c6 6. d3 Bd6 7. Nc3 0-0 8. Qc2 Bd7 9. e4 Bb4 10. cxd5 Bxc3 11. Qxc3 fxe4 12. dxe4 Nxe4 13. Qb4 exd5 14. Qxb7 Qb6 15. Qxb6 axb6 16. Ne5 Bc8 17. Bxe4 dxe4 18. Be3 c5 19. b4 cxb4 20. Bxb6 Nd7 21. Nxd7 Bxd7 22. Bc5 Rfb8 23. Rab1 Rxa2 24. Rxb4 Rxb4 25. Bxb4 Bg4 26. Rc1 Bf3 27. h3 h5 28. Re1 Kf7 29. g4 hxg4 30. hxg4 Ra4 31. Bd2 Rd4 32. Be3 Rd1 33. Rxd1 Bxd1 1/2-1/2